International banking and trade management (Record no. 3502)
[ view plain ]
| 000 -LEADER | |
|---|---|
| fixed length control field | 00303nam a22001217a 4500 |
| 082 ## - DEWEY DECIMAL CLASSIFICATION NUMBER | |
| Classification number | 332.15 |
| 100 ## - MAIN ENTRY--PERSONAL NAME | |
| Personal name | Hussain, Syed Agha Ijaz |
| 245 ## - TITLE STATEMENT | |
| Title | International banking and trade management |
| 250 ## - EDITION STATEMENT | |
| Edition statement | revised edition |
| 260 ## - PUBLICATION, DISTRIBUTION, ETC. | |
| Place of publication, distribution, etc. | Peshawar |
| Name of publisher, distributor, etc. | Bagram publications |
| Date of publication, distribution, etc. | 2000 |
| 300 ## - PHYSICAL DESCRIPTION | |
| Extent | 329p |
| 942 ## - ADDED ENTRY ELEMENTS (KOHA) | |
| Koha item type | Book |
| Withdrawn status | Lost status | Damaged status | Not for loan | Collection code | Permanent Location | Current Location | Shelving location | Date acquired | Total Checkouts | Full call number | Barcode | Date last seen | Price effective from | Koha item type |
|---|---|---|---|---|---|---|---|---|---|---|---|---|---|---|
| Central Library (CL) | Central Library (CL) | General Stacks | 07/27/2016 | 332.15 HUS | S3H-N-963 | 07/27/2016 | 07/27/2016 | Book | ||||||
| Central Library (CL) | Central Library (CL) | General Stacks | 07/27/2016 | 332.15 HUS | S3H-N-964 | 07/27/2016 | 07/27/2016 | Book |
